Il Coraggio Di Parlare Nuove letture

محفوظ في:
التفاصيل البيبلوغرافية
المؤلف الرئيسي: Gina Basso
التنسيق: كتاب
اللغة:لغة غير معروفة
منشور في: Gruppo Editoriale Fabri
الوسوم: إضافة وسم
لا توجد وسوم, كن أول من يضع وسما على هذه التسجيلة!

MARC

LEADER 00000nam a2200000Ia 4500
001 R-1132
003 CODICE-MESSINA
005 20260212102502.0
008 260211s9999 xx 000 0 und d
040 |c importazione_messina 
100 |a Gina Basso 
245 0 |a Il Coraggio Di Parlare 
245 0 |b Nuove letture 
260 |b Gruppo Editoriale Fabri 
942 |2 ddc  |c BK 
952 |0 0  |1 0  |2 ddc  |4 0  |6 SCAFFALE_11_000000000000000__ROMANZI  |7 0  |9 31963  |a ME  |b ME  |d 2026-02-11  |l 0  |o SCAFFALE 11 - ROMANZI  |p R-1132  |r 2026-02-11 23:52:53  |w 2026-02-11  |x [REVISIONARE]  |y BK 
999 |c 27628  |d 27628